Français - 101 apocopes avec ou sans suffixe - Statistiques

Statistiques générales
  • Ce quiz a été pris 83 fois
  • Le résultat moyen est 75 sur 101
Statistiques - réponses
Mot Apocope % Correct
ACTUALITE Actu
99%
ADOLESCENT Ado
99%
AGGLOMERE Agglo
99%
AMPHITHEATRE Amphi
97%
APERITIF Apéro
96%
APPARTEMENT Appart
96%
ASSOCIATION Assoce
96%
BACCALAUREAT Bachot
96%
BIOLOGIE Bio
96%
AMPLIFICATEUR Ampli
95%
ANARCHISTE Anar
93%
APPLICATION Appli
93%
ORDINATEUR Ordi
93%
ARCHITECTE Archi
92%
BOBSLEIGH Bob
92%
ACCUMULATEUR Accu
91%
FOOTBALL Foot
91%
DICTIONNAIRE Dico
89%
DISSERTATION Dissert
89%
GYMNASTIQUE Gym
89%
METROPOLITAIN Métro
89%
HEBDOMADAIRE Hebdo
88%
PROFESSIONNEL Pro
88%
PUBLICITE Pub
88%
EXERCICE Exo
86%
FRIGIDAIRE Frigo
86%
PHILOSOPHIE Philo
86%
RECUPERATION Récup
86%
RHINOCEROS Rhino
86%
INTELLECTUEL Intello
85%
MECANICIEN Mécano
85%
PROPRIETAIRE Proprio
85%
RESTAURANT Resto
85%
PNEUMATIQUE Pneu
84%
VETERINAIRE Véto
84%
CAS SOCIAL Cassos
82%
CONGELATEUR Congélo
82%
GAUCHISTE Gaucho
82%
MATHEMATIQUES Maths
82%
SAXOPHONE Saxo
82%
VENTILATEUR Ventilo
82%
FACISTE Facho
81%
GRATUITEMENT Gratos
81%
IMPERMEABLE Imper
81%
MONITEUR Mono
81%
REFERENCE Réf
80%
SOUTIEN-GORGE Soutif
80%
STYLOGRAPHE Stylo
80%
SYNTHETISEUR Synthé
80%
TRANSFORMATEUR Transfo
80%
VELOCIPEDE Vélo
80%
FACILE Fastoche
78%
FURIEUX Furax
78%
RAPIDEMENT Rapido
78%
DINGUE Dingo
77%
PROJECTEUR Projo
77%
SENSATIONNEL Sensass
77%
MATERIEL Matos
74%
REGLEMENTAIRE Réglo
74%
SADIQUE Sado
74%
TEXTUELLEMENT Texto
74%
PLASTIQUE Plastoc
73%
SECURITE SOCIALE Sécu
73%
BONBON Bonbec
72%
CINEMA Cinoche
72%
DIRECTEUR Dirlo
72%
HOPITAL Hosto
72%
TRAVESTI Travelo
72%
CALMEMENT Calmos
69%
PROLETAIRE Prolo
69%
BRICOLEUR Bricolo
68%
METALLURGISTE Métallo
68%
MUSICIEN Musico
68%
SHOW-BUSINESS Showbiz
68%
TECHNIQUE Techno
68%
OCCASION Occase
66%
TRANQUILLEMENT Tranquillou
66%
PERIPHERIQUE Périf
65%
DEUXIEMEMENT Deuzio
64%
PERPETUITE Perpète
62%
MAQUEREAU Mac
61%
MOLLEMENT Mollo
61%
ITALIEN Rital
59%
VALISE Valoche
59%
CONFITURE Confiote
51%
TELEVISION Téloche
51%
SOCIALISTE Socialo
50%
COMMUNISTE Coco
49%
PREMIEREMENT Primo
49%
PROXENETE Proxo
49%
COCA COLA Coke
47%
ENDURANCE Enduro
47%
RESERVATION Résa
47%
BAGUE Bagouze
46%
PASTIS Pastaga
46%
PIQURE Piquouse
31%
CHOMAGE Chomedu
23%
WATER-CLOSET Waters
12%
POLICIER Polar
3%
PENALTY Pénoche
0%
Aucun quiz correspondant
Distribution des résultats
% des personnes avec chaque résultat
Percentile par nombre de réponses
Votre historique - résultats
Vous n’avez pas pris ce quiz